Pokémon - Les attaques de Xerneas - Statistiques

Statistiques générales
  • Ce quiz a été pris 22 fois
  • Le résultat moyen est 8 sur 19
Statistiques - réponses
Niveaux Types Noms des attaques % Correct
Niveau 55 Fée Géo-Contrôle
93%
Niveau 60 Fée Pouvoir Lunaire
93%
Niveau 70 Insecte Mégacorne
79%
Niveau 35 Plante Encornebois
71%
Niveau 85 Normal Giga Impact
64%
Départ Normal Charge
57%
Niveau 80 Dragon Colère
57%
Niveau 50 Normal Bélier
43%
Niveau 75 Combat Close Combat
43%
Niveau 45 Plante Racines
43%
Niveau 40 Fée Champ Brumeux
36%
Niveau 10 Glace Onde Boréale
29%
Niveau 65 Psy Vibra Soin
29%
Niveau 25 Plante Aromathérapie
21%
Niveau 5 Psy Mur Lumière
21%
Niveau 20 Ténèbres Tranche-Nuit
21%
Départ Psy Gravité
14%
Niveau 15 Normal Force Nature
7%
Niveau 30 Normal Boost
0%
Aucun quiz correspondant
Distribution des résultats
% des personnes avec chaque résultat
Percentile par nombre de réponses
Votre historique - résultats
Vous n’avez pas pris ce quiz